Giáo trình xử lý ảnh số
Nội dung giáo trình giới thiệu tổng quan về xử lý ảnh số; thu nhận, số hóa, biểu diễn, lưu trữ ảnh; nâng cao chất lượng ảnh; khôi phục ảnh; phân tích ảnh; nén ảnh.
Đã lưu trong:
| 主要作者: | |
|---|---|
| 格式: | 图书 |
| 语言: | Vietnamese |
| 出版: |
Huế
Đại học Khoa học Huế
2011
|
| 主题: | |
| 标签: |
添加标签
没有标签, 成为第一个标记此记录!
|
| Thư viện lưu trữ: | Thư viện Trường Đại học Nam Cần Thơ |
|---|
| LEADER | 01026nam a22001937a 4500 | ||
|---|---|---|---|
| 001 | NCT_93430 | ||
| 008 | 211127b xxu||||| |||| 00| 0 vie d | ||
| 999 | |c 4625 |d 4625 | ||
| 082 | 0 | 4 | |2 23rd ed. |a 006.6 |b B312 |
| 100 | 1 | |a Nguyễn Đăng Bình | |
| 245 | 1 | 0 | |a Giáo trình xử lý ảnh số |c Nguyễn Đăng Bình |
| 260 | |a Huế |b Đại học Khoa học Huế |c 2011 | ||
| 300 | |a 240 tr. |b Minh họa |c 21cm | ||
| 500 | |a ĐTTS ghi: Trường Đại học Khoa học Huế | ||
| 520 | 3 | |a Nội dung giáo trình giới thiệu tổng quan về xử lý ảnh số; thu nhận, số hóa, biểu diễn, lưu trữ ảnh; nâng cao chất lượng ảnh; khôi phục ảnh; phân tích ảnh; nén ảnh. | |
| 653 | |a Công nghệ thông tin | ||
| 942 | |2 ddc |c BK | ||
| 952 | |0 0 |1 0 |2 ddc |4 0 |6 006_600000000000000_B312 |7 0 |9 21758 |a 000001 |b 000001 |d 2021-11-27 |o 006.6 B312 |p MD.19133 |r 2021-11-27 |w 2021-11-27 |y BK | ||
| 980 | |a Thư viện Trường Đại học Nam Cần Thơ | ||